000 00286nam a2200109Ia 4500
008 200302s9999 xx 000 0 und d
100 _aNot Known
245 _aHok Asia - Ellmuth Obata + Kassabaum -- Asia
260 _bThe Images Publishing Group Pty Ltd
260 _c2009
300 _a260
999 _c4705
_d4705